000 00350 a2200133 4500
999 _c30397
_d30397
003 NUST
005 20180118113256.0
008 180118b xxu||||| |||| 00| 0 eng d
020 _a969-8893-00-8
040 _cNUST
082 _a796.3580954
100 _aSyed Khalid Mehmood
_98600
245 _aSpotlight on World Cup 2003
_cSyed Khalid Mehmood
260 _aKarachi
_bJambo Publishing
_c2003
300 _a186
942 _aSNS
_cBK
_k796.3580954 KHA
_2ddc